Análisis de la estructura de suministros del servicio nacional de Acueductos y Alcantarillados

Na minha lista:
Detalhes bibliográficos
Autor principal: Grynspan F, David
Formato: Livro
Publicado em: [San José , Costa Rica] 1976
Tags: Adicionar Tag
Sem tags, seja o primeiro a adicionar uma tag!

MARC

LEADER 00000nam a2200000Ia 4500
003 002378
005 20221231144412.0
008 140114s1976 cr a m 000 ||s d
040 |c cru CEDI 
090 |a TFG 1467 
100 |a Grynspan F, David  |9 14993 
245 |a Análisis de la estructura de suministros del servicio nacional de Acueductos y Alcantarillados 
260 |c 1976  |a [San José , Costa Rica] 
300 |a 2 Volúmenes  
500 |a Proyecto de graduación. Universidad de Costa Rica. Facultad de Ingeniería. Escuela de Ingeniería Industrial 
942 |c TFG 
999 |c 21352  |d 21352